000 00760nam a22002057a 4500
003 OSt
005 20201106135029.0
008 100310s1973 dr 000 0 spa d
040 _aDO-SdBNP
_bspa
_cBNPHU
082 _axxx
_bI59m
110 1 _aRepública Dominicana
_937115
_bInstituto Dominicano de Seguros Sociales
245 1 0 _aManual para los afiliados al régimen del IDSS :
_b(lo que deben saber asegurados y patronos) /
260 _aSanto Domingo :
_bInstituto Dominicano de Seguros Sociales,
_c1973.
300 _a28 p. ;
_c21 cm.
500 _aPreparado por la oficina de Relaciones Publicas e Información
590 _aInventariado, 2020/ YL
650 4 _aSEGURIDAD SOCIAL
_zREPÚBLICA DOMINICANA
_92151
910 _aYlockward
942 _2ddc
_cLF2
999 _c49110
_d49110